[Event "Sachsen-Anhalt Verbandsliga 1920"]
[Site "Sachsen Anhalt"]
[Date "2020.10.17"]
[Round "8.6"]
[White "Hentschel, Uwe"]
[Black "Timoschenko, Enrico"]
[Result "1-0"]
[WhiteElo "1835"]
[BlackElo "1893"]
[PlyCount "89"]
[EventDate "2019.09.29"]
[EventType "team-tourn"]
[EventRounds "9"]
[EventCountry "GER"]
[SourceTitle "EXT 2023"]
[Source "ChessBase"]
[SourceDate "2022.10.05"]
[SourceVersion "1"]
[SourceVersionDate "2022.10.05"]
[SourceQuality "1"]
[WhiteTeam "Reideburg 90 Halle"]
[BlackTeam "Magdeburg USC"]
[WhiteTeamCountry "GER"]
[BlackTeamCountry "GER"]

1. d4 Nf6 2. c4 g6 3. Nc3 Bg7 4. e4 d6 5. f3 a5 6. Be3 c6 7. Bd3 Na6 8. Nge2 0-0 9. 0-0 Nc7 10. Qd2 Re8 11. Rac1 e5 12. d5 c5 13. Bg5 Qe7 14. g4 Bd7 15. Ng3 Qf8 16. h4 h6 17. Be3 Kh7 18. g5 Nh5 19. Nxh5 gxh5 20. Ne2 hxg5 21. hxg5 f6 22. Ng3 fxg5 23. Bxg5 h4 24. Qh2 h3 25. Nf5 Bxf5 26. exf5 Bf6 27. Qxh3+ Kg8 28. Bh6 Bg7 29. Qg4 Kh8 30. Bg5 Bf6 31. Qh5+ Kg8 32. Qg6+ Qg7 33. Bxf6 Qxg6+ 34. fxg6 b5 35. b3 bxc4 36. bxc4 Rab8 37. Kf2 Rb2+ 38. Rc2 Rxc2+ 39. Bxc2 Rf8 40. Be7 Rf4 41. Bxd6 Rxc4 42. Be4 Nxd5 43. Bxd5+ Kg7 44. Bxe5+ Kxg6 45. Bxc4 1-0

[Event "Sachsen-Anhalt Verbandsliga 1920"]
[Site "Sachsen Anhalt"]
[Date "2020.01.19"]
[Round "5.8"]
[White "Voigt, Anastasia"]
[Black "Timoschenko, Enrico"]
[Result "1-0"]
[WhiteElo "1693"]
[BlackElo "1893"]
[PlyCount "41"]
[EventDate "2019.09.29"]
[EventType "team-tourn"]
[EventRounds "9"]
[EventCountry "GER"]
[SourceTitle "EXT 2023"]
[Source "ChessBase"]
[SourceDate "2022.10.05"]
[SourceVersion "1"]
[SourceVersionDate "2022.10.05"]
[SourceQuality "1"]
[WhiteTeam "Halle USV II"]
[BlackTeam "Magdeburg USC"]
[WhiteTeamCountry "GER"]
[BlackTeamCountry "GER"]

1. e4 c5 2. Nf3 a6 3. c3 d6 4. d4 Nf6 5. Bd3 cxd4 6. cxd4 Bg4 7. Be3 g6 8. h3 Bxf3 9. Qxf3 Nc6 10. Nc3 Bg7 11. Rd1 Qa5 12. 0-0 0-0 13. Qe2 Rac8 14. Bc2 Qb4 15. Bb1 Rfe8 16. a3 Qa5 17. Ba2 b5 18. f4 b4 19. axb4 Qxb4 20. e5 Nd7 21. e6 1-0

[Event "Sachsen-Anhalt Verbandsliga 2017/18"]
[Site "Sachsen Anhalt"]
[Date "2018.02.25"]
[Round "6.5"]
[White "Hoffmann, Uwe1111"]
[Black "Timoschenko, Enrico"]
[Result "1-0"]
[WhiteElo "2132"]
[BlackElo "2144"]
[PlyCount "65"]
[EventDate "2017.12.22"]
[EventType "team-tourn"]
[EventRounds "9"]
[EventCountry "GER"]
[SourceTitle "EXT 2020"]
[Source "ChessBase"]
[SourceDate "2019.10.17"]
[SourceVersion "1"]
[SourceVersionDate "2019.10.17"]
[SourceQuality "1"]
[WhiteTeam "Magdeburg Rochade"]
[BlackTeam "Magdeburg USC"]
[WhiteTeamCountry "GER"]
[BlackTeamCountry "GER"]

1. d4 Nf6 2. c4 c5 3. d5 e6 4. Nc3 exd5 5. cxd5 d6 6. e4 g6 7. f4 Bg7 8. e5 dxe5 9. fxe5 Nfd7 10. e6 Bxc3+ 11. bxc3 Qh4+ 12. g3 Qe4+ 13. Qe2 Qxe2+ 14. Bxe2 fxe6 15. dxe6 Nf8 16. e7 Ne6 17. Nf3 Nc6 18. 0-0 Kxe7 19. Bh6 Bd7 20. Rad1 Be8 21. Bc4 Bd7 22. Rfe1 Ncd8 23. Bg5+ Ke8 24. Bxd8 Rxd8 25. Bxe6 Bxe6 26. Rxe6+ Kf7 27. Ng5+ Kg7 28. Rf1 Rhe8 29. h4 h6 30. Rf7+ Kh8 31. Rh7+ Kg8 32. Rxg6+ Kf8 33. Rf7# 1-0